Регионална библиотека "Любен Каравелов" - Русе

А у вас? (Запис номер 146389)

MARC детайли
000 -Лидер
Контролно поле с фиксирана дължина 03069nam a2200505 a 4500
003 - Код на организацията, давaща контролен номер
Контролно поле BLK
005 - Дата и час на последна редакция
Контролно поле 20241112092128.0
008 - Елементи от данни с фиксирана дължина
fixed length control field 180410b bul|||||r ||||||| ||bul||
010 ## - Наследен системен номер
LC control number KNG00152576000
040 ## - Източник на каталожния запис
Идентификатор на билиотеката - собственик на записа BLK
041 ## - Код за език
Код за езика на текст/звукозапис или на отделно заглавие Български
Код за езика КДБФ Български
080 ## - УДК
Текстов определител УДК Руска литература
УДК код - определител по УДК 821.161.1
УДК определител -93-1
УДК - код + определител 821.161.1-93-1
080 ## - УДК
Текстов определител УДК Руска литература
УДК код - определител по УДК 821.161.1
УДК определител -93-191
УДК - код + определител 821.161.1-93-191
100 ## - Редна дума - Автор
Автор Михалков, Сергей Владимирович
Дати, свързани с автора 1913 - 2009
Автор - информация (биография) Писател, поет, драматург, баснописец.
R(LIN) 274880
139 ## - Редно поле
Редна дума Михалков, Сергей Владимирович
Авторски знак Михал - М 75
245 10 - Сведения за заглавието
Заглавие А у вас?
Подзаглавни данни Избрани стихотворения и басни : За деца
Редно поле (дума) Сергей Владимирович Михалков; прев. от рус. Асен Иванов Босев; худож. Петър Рашков; с предг. от Асен Иванов Босев; * Цветан Ангелов; * Атанас Звездинов; * Кръстьо Станишев; * Тодор Янчев; * Стоян Етърски; * Николай Кънчев; * Лъчезар Станчев; * Иван Милчев; * Александър Миланов.
257 ## - Страна на издаване
Страна на създаване/издаване СССР
260 ## - Област на издателските данни
Име на издателя, разпространителя и проч. Нар. младеж
Година на издаване 1978
Печатница София : Д. Благоев
Място на издаване, разпространение и проч. София
300 ## - Физическа характеристика
Страници 128 с.
Илюстрации и др. с ил.
Размери/Мащаб 25 см
380 ## - Жанр
Жанр Детска худож. лит.
500 ## - Общи забележки
Забележка Други прев. : Цв. Ангелов, Ат. Звездинов, Кр. Станишев, Т. Янчев, Ст. Етърски, Н. Кънчев, Л. Станчев, Ив. Милчев, Ал. Миланов. - 15 141 тир.
653 ## - Ключова дума – ненормативна
Ключова дума стихотворения
653 ## - Ключова дума – ненормативна
Ключова дума басни
653 ## - Ключова дума – ненормативна
Ключова дума детска литература
653 ## - Ключова дума – ненормативна
Ключова дума литература за деца
700 1# - Други автори (авторска отговорност)
Лично име Босев, Асен Иванов
Автороска отговорност (Описва отношението между автора и произведението) прев. от рус.
9 (RLIN) 363513
700 1# - Други автори (авторска отговорност)
Лично име Рашков, Петър
Автороска отговорност (Описва отношението между автора и произведението) худож.
9 (RLIN) 367057
700 1# - Други автори (авторска отговорност)
Лично име Босев, Асен Иванов
Автороска отговорност (Описва отношението между автора и произведението) с предг. от
9 (RLIN) 363513
700 1# - Други автори (авторска отговорност)
Лично име Ангелов, Цветан
Автороска отговорност (Описва отношението между автора и произведението) *
9 (RLIN) 373355
700 1# - Други автори (авторска отговорност)
Лично име Звездинов, Атанас
Пълна форма на името Атанасов, Атанас Василев
Дати, свързани с автора 1943 -
Автороска отговорност (Описва отношението между автора и произведението) *
9 (RLIN) 69460
700 1# - Други автори (авторска отговорност)
Лично име Станишев, Кръстьо
Автороска отговорност (Описва отношението между автора и произведението) *
9 (RLIN) 367781
700 1# - Други автори (авторска отговорност)
Лично име Янчев, Тодор
Автороска отговорност (Описва отношението между автора и произведението) *
Друга информация Калчев, Тодор Янчев
9 (RLIN) 368585
700 1# - Други автори (авторска отговорност)
Лично име Етърски, Стоян
Автороска отговорност (Описва отношението между автора и произведението) *
9 (RLIN) 380089
700 1# - Други автори (авторска отговорност)
Лично име Кънчев, Николай
Автороска отговорност (Описва отношението между автора и произведението) *
Друга информация Христов, Николай Кънчев
9 (RLIN) 363507
700 1# - Други автори (авторска отговорност)
Лично име Станчев, Лъчезар
Автороска отговорност (Описва отношението между автора и произведението) *
9 (RLIN) 367843
700 1# - Други автори (авторска отговорност)
Лично име Милчев, Иван
Автороска отговорност (Описва отношението между автора и произведението) *
9 (RLIN) 379305
700 1# - Други автори (авторска отговорност)
Лично име Миланов, Александър
Автороска отговорност (Описва отношението между автора и произведението) *
Друга информация Александров, Александър Миланов
9 (RLIN) 363535
852 ## - Местоположение
Форматна сигнатура Цб 265658
856 4# - Електронен адрес и достъп
Електронен формат pdf - файл
Инструкция (цена за достъп) 0.00
Права за достъп disable
856 4# - Електронен адрес и достъп
Електронен формат pdf - файл
Инструкция (цена за достъп) 0.00
Права за достъп disable
999 ## - СИСТЕМНИ КОНТРОЛНИ НОМЕРА
Koha biblionumber 146389
Koha biblioitemnumber 146389
942 ## - АРТИКУЛИ
Вид на библиотечния материал Книги
Скрит в OPAC Не
Периодичен библиозапис Да
944 ## - СЪЗДАВАНЕ И РЕДАКЦИЯ на ЗАПИСА
Създаване/Редакция Създаване
Дата на регистрацията/редакция 26.10.2013
Статус, дата на статуса Геновева Генчева
Служител, извършил регистрацията/редакцията 30560
944 ## - СЪЗДАВАНЕ И РЕДАКЦИЯ на ЗАПИСА
Създаване/Редакция Редакция
Дата на регистрацията/редакция 29.07.2015
Статус, дата на статуса 26.10.2013 - от С1,Р / 26.10.2013
Служител, извършил регистрацията/редакцията Теодора_Стоянова
999 ## - СИСТЕМНИ КОНТРОЛНИ НОМЕРА
Koha biblioitemnumber 146389
Наличности
Код за отписване Код за изгубен артикул Източник на класификационната схема Код за повреда Коз за рестрикции Код за отдаване Артикулен № Име на библиотеката - собственик Име на библиотеката, в която се намира в момента Статус (Текущо местоположение) Дата на вписване в системата Местоположение - отдел Цена в лева Инвентарен номер Систематично азбучна сигнатура Баркод Номер на екземпляра Цена в евро Служебна бележка Служебен тип на артикула Бележка за публиката
  Не е изгубен Universal Decimal Classification Не е повреден без рестрикции ползва се в читалня 243529 Регионална библиотека "Любен Каравелов" Русе Регионална библиотека "Любен Каравелов" Русе Хранилище 1987-01-01 Хранилище 0.96 256605 Цб 265658 120000256605 1 0.49 N: стар фонд Дата: 01.01.1987 Книги  
  Не е изгубен Universal Decimal Classification Не е повреден без рестрикции заемане за дома 243530 Регионална библиотека "Любен Каравелов" Русе Регионална библиотека "Любен Каравелов" Русе Детски отдел 1987-01-01 Детски отдел 0.96 256819 ДХ 820/899/М 75 120000256819 2 0.49 N: стар фонд Дата: 01.01.1987 Дата инв: 15.09.2015 Бележки инв: Д2015 Книги  
Изтеглен Не е изгубен Universal Decimal Classification Не е повреден без рестрикции заемане за дома 243531 Регионална библиотека "Любен Каравелов" Русе Регионална библиотека "Любен Каравелов" Русе Детски отдел 1987-01-01 Детски отдел 0.96 270578 ДХ 820/899/М 75 270578 3 0.49 N: стар фонд Дата: 01.01.1987 Дата инв: 12.09.2015 Бележки инв: Д2015 Книги  
Изтеглен Не е изгубен   Не е повреден без рестрикции заемане за дома 243532 Регионална библиотека "Любен Каравелов" Русе Регионална библиотека "Любен Каравелов" Русе   1987-01-01 Детски отдел 0.96 270579 ДХ 820/899/М 75 270579 4 0.49 N: стар фонд Дата: 01.01.1987 Дата инв: 12.09.2015 Бележки инв: Д2015 Книги Отч.N: 37/17 , Дата: 06.09.2017
Vip Innovations Ltd, Rousse, Bulgaria 2025